Detalles MARC
| 000 -LEADER |
| campo de control de longitud fija |
02289nam a22003734504500 |
| 003 - IDENTIFICADOR DE NÚMERO DE CONTROL |
| campo de control |
PE-LiUPU |
| 005 - FECHA Y HORA DE LA ÚLTIMA TRANSACCIÓN |
| campo de control |
20260326144503.0 |
| 008 - DATOS DE LONGITUD FIJA--INFORMACIÓN GENERAL |
| campo de control de longitud fija |
250301s2025 pe 000 0 spa d |
| 020 ## - NÚMERO INTERNACIONAL ESTÁNDAR DEL LIBRO |
| Número Internacional Estándar del Libro |
9786123331474 |
| 035 ## - NÚMERO DE CONTROL DEL SISTEMA |
| Número de control de sistema |
PE-LiUPU000008 |
| 040 ## - FUENTE DE CATALOGACIÓN |
| Centro catalogador/agencia de origen |
PE-LiUPU |
| Lengua de catalogación |
spa |
| Centro/agencia transcriptor |
PE-LiUPU |
| Normas de descripción |
rda |
| 041 0# - CÓDIGO DE IDIOMA |
| Código de lengua del texto/banda sonora o título independiente |
spa |
| 082 04 - NÚMERO DE LA CLASIFICACIÓN DECIMAL DEWEY |
| Número de clasificación |
343.0526 |
| Cutter |
H564g |
| Número de edición |
20 |
| 100 1# - ENTRADA PRINCIPAL--NOMBRE DE PERSONA |
| Nombre de persona |
Herrada Córdova, Marco Antonio, |
| Término indicativo de función/relación |
autor. |
| 9 (RLIN) |
4847 |
| 245 10 - MENCIÓN DEL TÍTULO |
| Título |
Guía de casos prácticos para determinar y declarar el IR 2024 - personas naturales / |
| Mención de responsabilidad, etc. |
Marco Antonio Herrada Córdova, Héctor Eduardo Véliz Lázaro. |
| 250 ## - MENCION DE EDICION |
| Mención de edición |
Primera edición. |
| 264 #1 - PRODUCCIÓN, PUBLICACIÓN, DISTRIBUCIÓN, FABRICACIÓN Y COPYRIGHT |
| Producción, publicación, distribución, fabricación y copyright |
Lima : |
| Nombre del de productor, editor, distribuidor, fabricante |
Gaceta Jurídica S.A., |
| Fecha de producción, publicación, distribución, fabricación o copyright |
2025. |
| 300 ## - DESCRIPCIÓN FÍSICA |
| Extensión |
143 páginas : |
| Otras características físicas |
ilustraciones ; |
| Dimensiones |
24 cm |
| 336 ## - TIPO DE CONTENIDO |
| Término de tipo de contenido |
text |
| Fuente |
rdacontent |
| 337 ## - TIPO DE MEDIO |
| Nombre/término del tipo de medio |
unmediated |
| Fuente |
rdamedia |
| 338 ## - TIPO DE SOPORTE |
| Nombre/término del tipo de soporte |
volume |
| Fuente |
rdacarrier |
| 490 0# - MENCIÓN DE SERIE |
| Mención de serie |
Contadores & empresas |
| 504 ## - NOTA DE BIBLIOGRAFÍA, ETC. |
| Nota de bibliografía, etc. |
Incluye referencias bibliográficas. |
| 505 ## - NOTA DE CONTENIDO CON FORMATO |
| Nota de contenido con formato |
Aspectos principales para la determinación de rentas -- Conceptos generales a considerar -- Rentas de capital -- Rentas de primera categoría -- Rentas de segunda categoría -- Rentas de trabajo -- Rentas de quinta categoría -- Deducción adicional de hasta 3 UIT -- Deducciones adicionales -- Rentas de fuente extranjera - aspectos para su determinación -- Esquema de determinación -- Decisión 578 -- Infracciones vinculadas a la DJ anual -- Infracción del numeral 1 del artículo 176 del Código Tributario -- Infracción del numeral 1 del artículo 178 del Código Tributario -- Cartas inductivas por rentas de trabajo -- Tecnologías de información aplicables -- Formulario virtual 709 mediante app Personas -- Plataforma de gastos deducibles para rentas de trabajo. |
| 520 ## - RESUMEN, ETC. |
| Sumario, etc. |
Guía práctica que desarrolla casos aplicados para la determinación y declaración del impuesto a la renta de personas naturales en el Perú, correspondiente al ejercicio 2024. |
| 650 14 - PUNTO DE ACCESO ADICIONAL DE MATERIA--TÉRMINO DE MATERIA |
| Término de materia o nombre geográfico como elemento de entrada |
Impuesto a la renta |
| Subdivisión geográfica |
Perú. |
| 650 24 - PUNTO DE ACCESO ADICIONAL DE MATERIA--TÉRMINO DE MATERIA |
| Término de materia o nombre geográfico como elemento de entrada |
Personas naturales |
| Subdivisión general |
Impuestos |
| Subdivisión geográfica |
Perú |
| 9 (RLIN) |
8291 |
| 650 24 - PUNTO DE ACCESO ADICIONAL DE MATERIA--TÉRMINO DE MATERIA |
| Término de materia o nombre geográfico como elemento de entrada |
Derecho tributario |
| Subdivisión geográfica |
Perú |
| 9 (RLIN) |
2824 |
| 700 ## - ENTRADA AGREGADA--NOMBRE PERSONAL |
| Nombre de persona |
Véliz Lázaro, Héctor Eduardo, |
| Término indicativo de función/relación |
autor. |
| 9 (RLIN) |
4846 |
| 710 ## - ENTRADA AGREGADA--NOMBRE DE ENTIDAD CORPORATIVA |
| Nombre de entidad corporativa o nombre de jurisdicción como elemento de entrada |
Gaceta Jurídica S.A., |
| Término indicativo de función/relación |
editor. |
| 9 (RLIN) |
8289 |
| 830 #0 - PUNTO DE ACCESO ADICIONAL DE SERIE-TÍTULO UNIFORME |
| Título uniforme |
Contadores & empresas. |
| 942 ## - ELEMENTOS DE ENTRADA SECUNDARIOS (KOHA) |
| Fuente del sistema de clasificación o colocación |
Clasificación Decimal Dewey |
| Tipo de ítem Koha |
Libros físicos |
| 980 ## - EQUIVALENCIA O REFERENCIA-CRUZADA-MENCIÓN DE SERIE--NOMBRE DE PERSONA/TÍTULO [LOCAL, CANADÁ] |
| ID del usuario creador del registro |
18228 |
| Nombre del creador del registro |
HF |
| ID del último usuario que modificó el registro |
18226 |
| Nombre del último usuario que modificó el registro |
Jaime Vilcazán Jefe de Análisis Documental |